000171609 001__ 171609 000171609 005__ 20260525143237.0 000171609 037__ $$aBOUZ-2026-005 000171609 222__ $$aBoletín Oficial de la Universidad de Zaragoza 000171609 245__ $$aBOUZ 03-2026 (25 de mayo) 000171609 260__ $$aZaragoza$$bSecretaría General de la Universidad de Zaragoza$$c2026 000171609 300__ $$amult. p 000171609 310__ $$aIrregular 000171609 3620_ $$a2001- 000171609 540__ $$aTodos los derechos reservados$$uhttp://www.europeana.eu/rights/rr-f/ 000171609 8560_ $$fm.lara@unizar.es 000171609 8564_ $$s2109752$$uhttps://zaguan.unizar.es/record/171609/files/BOUZ-2026-005.pdf$$zBOUZ 03-2026 (25 de mayo) 000171609 902__ $$aBOUZ-2026-003 000171609 980__ $$aBOUZ